[Event "Titled Tuesday intern op 03rd Jan Late"]
[Site "Chess.com INT"]
[Date "2025.06.03"]
[Round "1"]
[White "Ivanov, Andrey A2"]
[Black "Goryachkina, Aleksandra"]
[Result "1-0"]
[WhiteElo "2103"]
[BlackElo "2544"]
[PlyCount "109"]
[EventDate "2025.06.03"]
[EventType "swiss (blitz)"]
[EventRounds "11"]
[EventCountry "USA"]
[SourceTitle "CB24_2025"]
[SourceDate "2025.06.11"]
[SourceVersion "1"]
[SourceVersionDate "2025.06.11"]
[SourceQuality "1"]

1. Nf3 Nf6 2. d4 d5 3. c4 e6 4. Nc3 a6 5. cxd5 exd5 6. Bg5 Be6 7. e3 Nbd7 8. Bd3 c6 9. Qc2 h6 10. Bf4 Be7 11. 0-0 0-0 12. h3 Re8 13. Rab1 a5 14. a4 Qb6 15. Bf5 Bxf5 16. Qxf5 Qd8 17. Rbc1 g6 18. Qd3 Bf8 19. Ne5 Nxe5 20. Bxe5 Nd7 21. Bg3 Bg7 22. Ne2 Nf6 23. Nc3 Qe7 24. Rfd1 Ne4 25. Nxe4 Qxe4 26. Qb3 Qe7 27. Qb6 Rec8 28. Rc3 Ra6 29. Qb3 Qb4 30. Qc2 Rb6 31. b3 Bf8 32. Rc1 Ra6 33. Qd3 Raa8 34. Bf4 Re8 35. R3c2 h5 36. Be5 Qb6 37. Rf1 Bg7 38. Bxg7 Kxg7 39. Rc5 Re6 40. Rfc1 Qd8 41. Qd2 g5 42. Qe2 Kg6 43. Qd3+ f5 44. R5c2 g4 45. hxg4 hxg4 46. g3 Qh8 47. Qf1 Re7 48. Qg2 Rh7 49. Rxc6+ bxc6 50. Rxc6+ Kg7 51. Qxd5 Qe8 52. Re6 Qf7 53. Qe5+ Kg8 54. Qd5 Re8 55. Rxe8+ 1-0

[Event "Titled Tuesday intern op 03rd Jan Late"]
[Site "Chess.com INT"]
[Date "2025.06.03"]
[Round "3"]
[White "Mika, Tomasz1"]
[Black "Goryachkina, Aleksandra"]
[Result "0-1"]
[WhiteElo "2227"]
[BlackElo "2544"]
[PlyCount "74"]
[EventDate "2025.06.03"]
[EventType "swiss (blitz)"]
[EventRounds "11"]
[EventCountry "USA"]
[SourceTitle "CB24_2025"]
[SourceDate "2025.06.11"]
[SourceVersion "1"]
[SourceVersionDate "2025.06.11"]
[SourceQuality "1"]

1. e4 c5 2. Nf3 d6 3. d4 cxd4 4. Nxd4 Nf6 5. Nc3 Nc6 6. Bc4 e6 7. Be3 a6 8. Qe2 Qc7 9. 0-0-0 Na5 10. Bd3 b5 11. g4 b4 12. Na4 Bd7 13. b3 Bxa4 14. bxa4 Be7 15. g5 Nd7 16. Bxa6 0-0 17. Bb5 Nc5 18. f3 b3 19. axb3 Ncxb3+ 20. Nxb3 Nxb3+ 21. Kb2 Nc5 22. Ra1 d5 23. exd5 Qe5+ 24. c3 Qxd5 25. Bxc5 Qxc5 26. h4 Rfc8 27. Qd3 g6 28. Qd4 Qc7 29. Rhd1 Bf8 30. Rd3 Bg7 31. Qe3 Qh2+ 32. Kb3 Qxh4 33. Rad1 Rcb8 34. c4 Qh2 35. R1d2 Qc7 36. f4 Qa5 37. Qe4 Qxa4# 0-1

[Event "Titled Tuesday intern op 20th May Late"]
[Site "Chess.com INT"]
[Date "2025.05.20"]
[Round "4"]
[White "Goryachkina, Aleksandra"]
[Black "Petre, Nad Titus"]
[Result "1-0"]
[WhiteElo "2544"]
[BlackElo "2299"]
[PlyCount "81"]
[EventDate "2025.05.20"]
[EventType "swiss (blitz)"]
[EventRounds "11"]
[EventCountry "USA"]
[SourceTitle "CB22_2025"]
[SourceDate "2025.05.28"]
[SourceVersion "1"]
[SourceVersionDate "2025.05.28"]
[SourceQuality "1"]

1. c4 c5 2. Nf3 Nc6 3. Nc3 d6 4. d4 cxd4 5. Nxd4 Bd7 6. e4 g6 7. Be3 Bg7 8. Be2 Nf6 9. f3 0-0 10. 0-0 a5 11. Qd2 Nxd4 12. Bxd4 Bc6 13. Rfc1 Nd7 14. Bf2 Nc5 15. b3 Qb6 16. Rab1 Qb4 17. Qc2 Rfc8 18. Kh1 Qb6 19. Bg1 Qd8 20. Qd2 Qf8 21. Be3 h5 22. a3 Kh7 23. b4 axb4 24. axb4 Na4 25. Nd5 Bxd5 26. exd5 Bh6 27. f4 Bg7 28. c5 Qd8 29. c6 bxc6 30. dxc6 Nb6 31. b5 Qc7 32. f5 Be5 33. fxg6+ fxg6 34. Qd3 Kg7 35. Rf1 Rf8 36. Qe4 Rf6 37. Rxf6 exf6 38. Bf3 Ra2 39. Rc1 f5 40. Qb4 Ra4 41. Bxb6 1-0

[Event "Asia-ch"]
[Site "Al Ain"]
[Date "2025.05.13"]
[Round "7"]
[White "Amartuvshin, Ganzorig"]
[Black "Goryachkina, Aleksandra"]
[Result "1/2-1/2"]
[WhiteElo "2429"]
[BlackElo "2544"]
[PlyCount "76"]
[EventDate "2025.05.07"]
[EventType "swiss"]
[EventRounds "9"]
[EventCountry "UAE"]
[SourceTitle "CB21_2025"]
[SourceDate "2025.05.21"]
[SourceVersion "1"]
[SourceVersionDate "2025.05.21"]
[SourceQuality "1"]

1. d4 Nf6 2. c4 e6 3. Nf3 d5 4. Nc3 c5 5. cxd5 cxd4 6. Qa4+ Bd7 7. Qxd4 exd5 8. Bg5 Nc6 9. Qd2 Bb4 10. a3 Ne4 11. Bxd8 Bxc3 12. Qxc3 Nxc3 13. Bf6 gxf6 14. bxc3 Rc8 15. Rd1 Ne7 16. Rc1 0-0 17. e3 Rc5 18. Kd2 Rfc8 19. Be2 Nf5 20. Nd4 Nd6 21. f3 a6 22. Bd3 Bb5 23. Nf5 Nxf5 24. Bxf5 R8c7 25. g4 h6 26. h4 Kg7 27. Rhg1 Bd7 28. Bxd7 Rxd7 29. Rb1 Rdc7 30. Rgc1 b5 31. Rb4 Rc4 32. Kd3 Kg6 33. e4 dxe4+ 34. fxe4 Kg7 35. Rc2 Rd7+ 36. Ke3 Rdc7 37. Kd3 Rd7+ 38. Ke3 Rdc7 1/2-1/2

[Event "Asia-ch"]
[Site "Al Ain"]
[Date "2025.05.08"]
[Round "2"]
[White "Goryachkina, Aleksandra"]
[Black "Rozum, Ivan"]
[Result "1/2-1/2"]
[WhiteElo "2544"]
[BlackElo "2439"]
[PlyCount "55"]
[EventDate "2025.05.07"]
[EventType "swiss"]
[EventRounds "9"]
[EventCountry "UAE"]
[SourceTitle "CB21_2025"]
[SourceDate "2025.05.21"]
[SourceVersion "1"]
[SourceVersionDate "2025.05.21"]
[SourceQuality "1"]

1. e4 c5 2. Nf3 d6 3. d4 cxd4 4. Nxd4 Nf6 5. Nc3 a6 6. Be3 e5 7. Nb3 Be7 8. f3 Be6 9. Qd2 h5 10. Nd5 Nxd5 11. exd5 Bf5 12. Be2 a5 13. a4 Nd7 14. 0-0 0-0 15. f4 exf4 16. Bxf4 Rc8 17. c3 Nf6 18. Rae1 Be4 19. c4 Qb6+ 20. Nd4 Bg6 21. Bf3 Rxc4 22. Rxe7 Rxd4 23. Rxb7 Qxb7 24. Qxd4 Qa6 25. h3 Re8 26. Bd2 Be4 27. Bc3 Re5 28. Bd2 1/2-1/2

[Event "Titled Tuesday intern op 04th Mar Early"]
[Site "Chess.com INT"]
[Date "2025.03.04"]
[Round "4"]
[White "Goryachkina, Aleksandra"]
[Black "Svane, Frederik"]
[Result "1/2-1/2"]
[WhiteElo "2548"]
[BlackElo "2654"]
[PlyCount "122"]
[EventDate "2025.03.04"]
[EventType "swiss (blitz)"]
[EventRounds "11"]
[EventCountry "USA"]
[SourceTitle "CB11_2025"]
[SourceDate "2025.03.12"]
[SourceVersion "1"]
[SourceVersionDate "2025.03.12"]
[SourceQuality "1"]

1. d4 Nf6 2. c4 e6 3. Nf3 Bb4+ 4. Nbd2 0-0 5. a3 Bxd2+ 6. Qxd2 d6 7. e3 Nbd7 8. b4 a5 9. Bb2 axb4 10. axb4 Rxa1+ 11. Bxa1 b5 12. cxb5 Bb7 13. Be2 Ne4 14. Qc2 f5 15. 0-0 Nb6 16. Rc1 Nd5 17. Ne1 Qh4 18. Bf3 Nxb4 19. Qe2 Nd5 20. Nd3 Ra8 21. Bb2 h6 22. Ra1 Rxa1+ 23. Bxa1 Qd8 24. Qa2 Kf7 25. Qa5 Qa8 26. Qxa8 Bxa8 27. Bxe4 fxe4 28. Nf4 Nb6 29. Bc3 g5 30. Ne2 Nc4 31. Bb4 Ke7 32. Nc3 Kd7 33. Kf1 Nb2 34. Ke2 Nc4 35. f3 exf3+ 36. gxf3 Nb6 37. e4 Bb7 38. Kd3 Nc8 39. Ba5 Ne7 40. Ne2 Ng6 41. Bd2 c6 42. bxc6+ Kxc6 43. Nc3 Ba6+ 44. Ke3 d5 45. exd5+ exd5 46. Kf2 Kd7 47. Nd1 Ke6 48. Ne3 Nf4 49. Ng4 Nd3+ 50. Ke3 h5 51. Ne5 Nf4 52. Kf2 Kf5 53. Bxf4 Kxf4 54. Ng6+ Kf5 55. Ne5 Bb5 56. Ke3 Be8 57. Kf2 Kf4 58. Nd3+ Kf5 59. Ne5 Bb5 60. Ke3 Ba6 61. Kf2 Bb5 1/2-1/2

[Event "Titled Tuesday intern op 04th Mar Early"]
[Site "Chess.com INT"]
[Date "2025.03.04"]
[Round "9"]
[White "Sharapov, Evgeny"]
[Black "Goryachkina, Aleksandra"]
[Result "0-1"]
[WhiteElo "2375"]
[BlackElo "2548"]
[PlyCount "72"]
[EventDate "2025.03.04"]
[EventType "swiss (blitz)"]
[EventRounds "11"]
[EventCountry "USA"]
[SourceTitle "CB11_2025"]
[SourceDate "2025.03.12"]
[SourceVersion "1"]
[SourceVersionDate "2025.03.12"]
[SourceQuality "1"]

1. e4 c5 2. Nf3 Nc6 3. d4 cxd4 4. Nxd4 Nf6 5. Nc3 d6 6. g3 g6 7. Nde2 Bg7 8. Bg2 0-0 9. 0-0 Bd7 10. a4 Rc8 11. Nd5 Na5 12. Nxf6+ Bxf6 13. c3 Bg7 14. Nd4 Nc4 15. Qb3 Qc7 16. Re1 a6 17. Nc2 Na5 18. Qb4 Nc6 19. Qa3 b5 20. axb5 axb5 21. Nb4 Nxb4 22. Qxb4 Bc6 23. Be3 Ra8 24. Bd4 Qb7 25. Bxg7 Kxg7 26. h4 h5 27. Qd4+ Kg8 28. f4 Rxa1 29. Rxa1 Ra8 30. Rxa8+ Qxa8 31. Kf2 f5 32. Ke3 Qa1 33. Qd2 fxe4 34. Kf2 e3+ 35. Kxe3 Qg1+ 36. Qf2 Qxg2 0-1

[Event "Titled Tuesday intern op 14th Jan Early"]
[Site "Chess.com INT"]
[Date "2025.01.14"]
[Round "5"]
[White "Firman, Nazar"]
[Black "Goryachkina, Aleksandra"]
[Result "0-1"]
[WhiteElo "2464"]
[BlackElo "2546"]
[PlyCount "68"]
[EventDate "2025.01.14"]
[EventType "swiss (blitz)"]
[EventRounds "11"]
[EventCountry "USA"]
[SourceTitle "CB04_2025"]
[SourceDate "2025.01.22"]
[SourceVersion "1"]
[SourceVersionDate "2025.01.22"]
[SourceQuality "1"]

1. e4 e6 2. d4 d5 3. Nd2 Be7 4. Ngf3 Nf6 5. e5 Nfd7 6. c3 c5 7. Bd3 Nc6 8. 0-0 a5 9. a3 a4 10. Re1 Qb6 11. Nf1 cxd4 12. Ng3 dxc3 13. bxc3 Nc5 14. Bc2 g6 15. Bh6 Bd7 16. Rb1 Qa6 17. Ng5 Nb3 18. Bd3 Qa5 19. c4 dxc4 20. Bxc4 Nxe5 21. Bxb3 axb3 22. Qd4 f6 23. N5e4 Kf7 24. Nd6+ Bxd6 25. Qxd6 Rhd8 26. Rbc1 Bc6 27. Qb4 Qxb4 28. axb4 Nd3 29. b5 Nxe1 30. bxc6 Nc2 31. c7 Rd7 32. h4 Rxc7 33. Rb1 Ra1 34. Rxa1 Nxa1 0-1

[Event "Titled Tuesday intern op 14th Jan Early"]
[Site "Chess.com INT"]
[Date "2025.01.14"]
[Round "9"]
[White "Rasulov, Vugar Ural Oglu"]
[Black "Goryachkina, Aleksandra"]
[Result "1-0"]
[WhiteElo "2500"]
[BlackElo "2546"]
[PlyCount "99"]
[EventDate "2025.01.14"]
[EventType "swiss (blitz)"]
[EventRounds "11"]
[EventCountry "USA"]
[SourceTitle "CB04_2025"]
[SourceDate "2025.01.22"]
[SourceVersion "1"]
[SourceVersionDate "2025.01.22"]
[SourceQuality "1"]

1. c4 e6 2. Nf3 d5 3. g3 Nf6 4. Bg2 Be7 5. 0-0 0-0 6. d4 dxc4 7. Qc2 a6 8. a4 Bd7 9. Qxc4 Bc6 10. Bg5 Nbd7 11. Nc3 h6 12. Bxf6 Nxf6 13. a5 Bd5 14. Qd3 c5 15. Nxd5 Nxd5 16. Qb3 cxd4 17. Nxd4 Bc5 18. Rfd1 Qe7 19. Bxd5 exd5 20. e3 Rfd8 21. Ne2 Rac8 22. Rxd5 Rxd5 23. Qxd5 Rd8 24. Qf3 Rd2 25. b3 Qf6 26. Qxf6 gxf6 27. Nf4 Bd6 28. Nh5 Be5 29. Ra4 Rd5 30. g4 Rb5 31. f4 Bb2 32. Rc4 Rxb3 33. Kf2 Rb5 34. Kf3 f5 35. h3 fxg4+ 36. hxg4 f5 37. Rc8+ Kf7 38. Rc7+ Kf8 39. gxf5 Rxf5 40. Ng3 Rxa5 41. Rxb7 Rb5 42. Ra7 a5 43. Ne4 Ba3 44. Nf6 Bb4 45. e4 Bc3 46. e5 Rb3 47. Ke4 Rb4+ 48. Kf5 Rb5 49. Kg6 Rb8 50. Rf7# 1-0